000 00577nam a22001937a 4500
003 OSt
005 20160201183749.0
008 160201b xxu||||| |||| 00| 0 eng d
020 _a069109108677
040 _cDDC
082 _a337 GIL2001
100 _aGilpin,Robert;
_96648
245 _aGlobal Political Economy;
_bUnderstanding The International Economic Order;
260 _aNew Jersey;
_bPrinceton University Press,
_c2001.
300 _axii,423p;
_bill;
_c23cm
504 _aincludes index References and Bibliography.
650 _aEconomics.
_9975
942 _2ddc
_cSLOAN
999 _c2921
_d2921